| 000 | 01040cam a22003134a 4500 | ||
|---|---|---|---|
| 001 | 14382030 | ||
| 003 | OSt | ||
| 005 | 20210909102955.0 | ||
| 008 | 060518s2007 maua b 001 0 eng | ||
| 010 | _a 2006048123 | ||
| 020 | _a9780073047324 (alk. paper) | ||
| 038 | _akhadija | ||
| 040 |
_aDLC _cDLC _dDLC |
||
| 042 | _apcc | ||
| 050 | 0 | 0 |
_aBF295 _b.M36 2006 |
| 082 | 0 | 0 |
_a152.334 _222 _bMAG |
| 100 | 1 |
_aMagill, Richard A. _982289 |
|
| 245 | 1 | 0 |
_aMotor learning and control : _bconcepts and applications / _cRichard A. Magill. |
| 250 | _a8th ed. | ||
| 260 |
_aBoston : _bMcGraw-Hill, _cc2007. |
||
| 300 |
_axiii, 482 p. : _bill. ;c24 cm. |
||
| 504 | _aIncludes bibliographical references (p. 443-466) and indexes. | ||
| 563 | _ahardcover | ||
| 650 | 0 |
_aMotor learning _vTextbooks. _982290 |
|
| 906 |
_a7 _bcbc _corignew _d1 _eocip _f20 _gy-gencatlg |
||
| 942 |
_2ddc _cBK |
||
| 999 |
_c31750 _d31750 |
||